000 00296nam a22001337a 4500
008 170904b xxu||||| |||| 00| 0 eng d
020 _a9780205428496
041 _aeng
080 _210TH
_a070
100 _a40
101 _aMED
245 _aHUMAN COMMUNICATION
_cDEVITO,J.A
942 _2udc
_cBK
999 _c25927
_d25927